American civilization : an introduction

This hugely successful text provides students of American studies with the perfect background and introductory information on contemporary American life. Thoroughly revised, this fifth edition covers all the central dimensions of American society from geography and the environment, government and po...

Description complète

Enregistré dans:
Détails bibliographiques
Auteur principal: Mauk, David
Format: Livre
Langue:Undetermined
Publié: London,New York Routledge 2009
Sujets:
Tags: Ajouter un tag
Pas de tags, Soyez le premier à ajouter un tag!
Thư viện lưu trữ: Trung tâm Học liệu Trường Đại học Cần Thơ
LEADER 00916nam a2200217Ia 4500
001 CTU_155170
008 210402s9999 xx 000 0 und d
020 |c 459000 
082 |a 973 
082 |b M447 
100 |a Mauk, David 
245 0 |a American civilization : 
245 3 |b an introduction 
245 0 |c David Mauk and John Oakland. 
260 |a London,New York 
260 |b Routledge 
260 |c 2009 
520 |a This hugely successful text provides students of American studies with the perfect background and introductory information on contemporary American life. Thoroughly revised, this fifth edition covers all the central dimensions of American society from geography and the environment, government and politics, to religion, education, media and the arts. 
650 |x Hoa Kỳ,Văn minh,Dạy và học 
904 |i Năm 
980 |a Trung tâm Học liệu Trường Đại học Cần Thơ